Cities by Shape - Statistics

General Stats
  • This quiz has been taken 32 times
  • The average score is 8 of 12
Answer Stats
Picture Answer % Correct
Dubai
93%
New York City
85%
Singapore
81%
Washington D.C.
78%
Berlin
74%
Istanbul
74%
London
70%
Paris
67%
Los Angeles
59%
Tokyo
56%
Cape Town
33%
San Francisco
33%
No matching quizzes found
Score Distribution
Percent of People with Each Score
Percentile by Number Answered
Your Score History
You have not taken this quiz